000 nam a22 7a 4500
999 _c30477
_d30476
003 OSt
005 20180206102719.0
008 180206b ||||| |||| 00| 0 eng d
020 _a10126961973X
040 _aMMU
_beng
_cMMU
_dMMU
050 _aHV6025.C756 2014
245 _aCriminology
260 _aBoston:
_bPearson Education,
_c2014.
300 _avi,405p.;
610 _tHV6025.C756 2014
650 _acriminology
942 _2lcc
_cLOAN LOAN